Kiplingen's make your money grow

Bibliographic Details
Main Author: Miller, Theodore
Format: Book
Published: Kuala Lumpur : Golden Books Centre , 1992
Edition:Revised and expanded edition
Subjects:

MARC

LEADER 00000cam a2200000 7i4500
001 0000005073
002 000005470
005 20000330.0
020 |a 9837200103 
090 0 0 |a 332.6   |b MIL 
100 1 |a Miller, Theodore 
245 0 0 |a Kiplingen's make your money grow   |c Theodore J. Miller 
250 |a Revised and expanded edition 
260 |a Kuala Lumpur :   |b Golden Books Centre ,   |c 1992 
300 |a 448p. ;   |c 19cm. 
650 0 0 |a Inrestments 
999 |a 033297   |b BUKU   |c PINJAMAN   |e PERPUSTAKAAN KOMUNITI PETALING JAYA